Bài tập hoá học đại cương

Trình bày tóm tắt lý thuyết, câu hỏi và bài tập về cấu tạo nguyên tử, định luật tuần hoàn các nguyên tố hoá học, liên kết hoá học và cấu tạo phân tử, các trạng thái cấu tạo của vật chất, các nguyên lí của nhiệt động học, cân bằng h...

Πλήρης περιγραφή

Αποθηκεύτηκε σε:
Λεπτομέρειες βιβλιογραφικής εγγραφής
Κύριος συγγραφέας: Nguyễn Khanh
Μορφή: Βιβλίο
Γλώσσα:Vietnamese
Έκδοση: H. Bách khoa Hà Nội 2010
Ετικέτες: Προσθήκη ετικέτας
Δεν υπάρχουν, Καταχωρήστε ετικέτα πρώτοι!
Thư viện lưu trữ: Thư viện Trường Đại học Nam Cần Thơ
LEADER 01507aam a22002058a 4500
001 NCT_879
008 101115s2010 ||||||viesd
999 |c 43  |d 43 
020 |c 62500 
082 0 4 |2 23rd ed.  |a 540.76  |b Kh107 
100 1 |a Nguyễn Khanh 
245 1 0 |a Bài tập hoá học đại cương  |c Nguyễn Khanh 
260 |a H.  |b Bách khoa Hà Nội  |c 2010 
300 |a 171tr.  |b hình vẽ, bảng  |c 27cm 
520 3 |a Trình bày tóm tắt lý thuyết, câu hỏi và bài tập về cấu tạo nguyên tử, định luật tuần hoàn các nguyên tố hoá học, liên kết hoá học và cấu tạo phân tử, các trạng thái cấu tạo của vật chất, các nguyên lí của nhiệt động học, cân bằng hoá học, dung dịch, dung dịch điện li, động học các quá trình hoá học, điện hoá học 
942 |2 ddc  |c BK 
952 |0 0  |1 0  |2 ddc  |4 0  |6 540_760000000000000_KH107  |7 0  |9 74  |a 000001  |b 000001  |d 2017-09-30  |l 4  |o 540.76 Kh107  |p MD.00144  |r 2018-10-29  |s 2017-12-01  |v 62500.00  |w 2017-09-30  |y BK 
952 |0 0  |1 0  |2 ddc  |4 0  |6 540_760000000000000_KH107  |7 0  |9 76  |a 000001  |b 000001  |d 2017-09-30  |l 2  |o 540.76 Kh107  |p MD.00143  |r 2019-12-27  |s 2019-12-17  |v 62500.00  |w 2017-09-30  |y BK 
952 |0 0  |1 0  |2 ddc  |4 0  |6 540_760000000000000_KH107  |7 0  |9 77  |a 000001  |b 000001  |d 2017-09-30  |l 3  |o 540.76 Kh107  |p MD.00142  |r 2019-12-26  |s 2019-12-11  |v 62500.00  |w 2017-09-30  |y BK 
980 |a Thư viện Trường Đại học Nam Cần Thơ